Langman: embriología médica, con orientación clínica

Salvato in:
Dettagli Bibliografici
Autore principale: Sadler, Thomas W
Natura: Libro
Lingua:spagnolo
Pubblicazione: Madrid, España Médica Panamericana 2001
Edizione:Octava edición
Soggetti:
Tags: Aggiungi Tag
Nessun Tag, puoi essere il primo ad aggiungerne!!

MARC

LEADER 00000nam a2200000 a 4500
001 UCL2689
003 CL-VaPUC
005 20241217112409.0
008 031031e20010000SP |||||||||||||||||spa|d
999 |c 305933  |d 305931 
020 |a 8479036559 
040 |c Pontificia Universidad Católica de Valparaíso 
082 0 4 |a 612.64 SAD 2001  |2 21 
100 0 |a Sadler, Thomas W  |9 479824 
245 1 0 |a Langman: embriología médica, con orientación clínica 
250 |a Octava edición 
260 0 3 |a Madrid, España  |b Médica Panamericana  |c 2001 
300 |a 482 páginas 
583 |a last modification  |c 20031031 00:00:00  |k Rodrigo Vera 
650 0 |a Embriología   |9 310846 
650 0 |a Gametogénesis  |9 894910 
650 0 |a Feto  |x Desarrollo fisiológico  |9 332287 
650 7 |a Fisiología humana  |x Cuerpo humano  |2 CL-VaPUC  |9 375200 
942 |c BK  |2 ddc 
945 |d 20031031 00:00:00  |a cmena 
952 |0 0  |1 0  |2 ddc  |4 0  |6 612_640000000000000_SAD_2001  |7 0  |8 A  |9 370498  |a BIBCUR  |b BIBCUR  |d 2019-11-21  |i 3958116  |l 9  |o 612.64 SAD 2001  |p 3958116  |r 2025-04-22  |s 2025-03-13  |t 1  |w 2019-11-21  |y BK  |k BIO